Country by Unique Borders Quiz Stats

 Plays Quiz Updated Jul 2, 2018

Also try: Border Countries
Challenge
Share
Tweet
Embed
Score 0/18 Timer 03:00
6 Plays Today
Some Bordering Countries Country % Correct
IrelandUnited Kingdom
87.8%
Germany, UkrainePoland
81.3%
Estonia, Lithuania, RussiaLatvia
81.1%
France, Netherlands, SwitzerlandGermany
80.2%
Israel, Saudi Arabia, SyriaJordan
77.8%
Brazil, Ecuador, VenezuelaColombia
77.6%
Iran, PakistanAfghanistan
76.4%
Malaysia, Papua New GuineaIndonesia
75.9%
Namibia, eSwatiniSouth Africa
75.3%
Some Bordering Countries Country % Correct
Kyrgyzstan, Mongolia, RussiaChina
72.9%
Bangladesh, Laos, ThailandMyanmar
72.5%
Costa Rica, HondurasNicaragua
71.7%
Greece, RomaniaBulgaria
69.4%
Albania, Bosnia and Herzegovina, SerbiaMontenegro
65.9%
Somalia, UgandaKenya
65.1%
Botswana, Mozambique, ZambiaZimbabwe
64.3%
Central African Republic, NigerChad
56.2%
Democratic Republic of the Congo, EthiopiaSouth Sudan
52.6%

You're not logged in!

Compare scores with friends on all Sporcle quizzes.
Join for Free
OR
Log In

You Might Also Like...

Show Comments

Extras

Top Quizzes Today


Score Distribution

Your Account Isn't Verified!

In order to create a playlist on Sporcle, you need to verify the email address you used during registration. Go to your Sporcle Settings to finish the process.

Report this User

Report this user for behavior that violates our Community Guidelines.

Details: